EDUCATION CHILDREN WITH SPECIAL NEEDS (Record no. 23221)

MARC details
000 -LEADER
fixed length control field 00310nam a22001337a 4500
003 - CONTROL NUMBER IDENTIFIER
control field SGT
020 ## - INTERNATIONAL STANDARD BOOK NUMBER
International Standard Book Number 81-7141-539-3
082 ## - DEWEY DECIMAL CLASSIFICATION NUMBER
Classification number 371904
Item number RED
100 ## - MAIN ENTRY--PERSONAL NAME
Personal name REDDY, G. LOKNATHA
245 ## - TITLE STATEMENT
Title EDUCATION CHILDREN WITH SPECIAL NEEDS
260 ## - PUBLICATION, DISTRIBUTION, ETC. (IMPRINT)
Place of publication, distribution, etc DELHI
Name of publisher, distributor, etc DISCOVERY, PUB.
Year of Publication 2022
300 ## - PAGE DESCRIPTION
No. of Pages 247
942 ## - ADDED ENTRY ELEMENTS (KOHA)
Source of classification or shelving scheme Dewey Decimal Classification
Koha item type Books
Holdings
Withdrawn status Lost status Source of classification or shelving scheme Damaged status Not for loan Collection code Home library Current library Shelving location Date acquired Vendor Name Cost, normal purchase price SGTU Bill Number Full call number Accession No. (Barcode) Date last seen Bill Date Koha item type Total Checkouts Date last borrowed
    Dewey Decimal Classification     EDUCATION SGT Engineering Library SGT Engineering Library Text Book 31/08/2022 ABC 1100.00 SGTU 1741 371904 RED ED5211 31/08/2022   Books    
    Dewey Decimal Classification     EDUCATION SGT Engineering Library SGT Engineering Library Text Book 31/08/2022 ABC 1100.00 SGTU 1741 371904 RED ED5212 29/05/2026   Books 1 29/05/2026
    Dewey Decimal Classification     EDUCATION SGT Engineering Library SGT Engineering Library Text Book 31/08/2022 ABC 1100.00 SGTU 1741 371904 RED ED5213 31/08/2022   Books